[Event "ITA-chT Final 56th"]
[Site "Darfo Boario Terme"]
[Date "2025.04.11"]
[Round "7.33"]
[White "Nasuta, Grzegorz"]
[Black "Pegno, Mattia"]
[Result "1-0"]
[WhiteElo "2494"]
[BlackElo "2262"]
[PlyCount "77"]
[EventDate "2025.04.07"]
[EventType "team-swiss"]
[EventRounds "9"]
[EventCountry "ITA"]
[SourceTitle "CB16_2025"]
[SourceDate "2025.04.16"]
[SourceVersion "1"]
[SourceVersionDate "2025.04.16"]
[SourceQuality "1"]
[WhiteTeam "Dragone Master"]
[BlackTeam "Le Due Torri CSB"]
[WhiteTeamCountry "ITA"]
[BlackTeamCountry "ITA"]

1. e4 Nf6 2. e5 Nd5 3. d4 d6 4. c4 Nb6 5. exd6 cxd6 6. Be3 g6 7. Nc3 Bg7 8. h3 0-0 9. Nf3 Nc6 10. Be2 d5 11. c5 Nc4 12. Bxc4 dxc4 13. 0-0 Bf5 14. Qa4 Bd3 15. Rfd1 e5 16. d5 Nd4 17. Ne1 b5 18. cxb6 axb6 19. Qb4 Qc8 20. Nxd3 cxd3 21. Bxd4 exd4 22. Nb5 Qc5 23. Qb3 Rad8 24. d6 Rfe8 25. Rxd3 Re5 26. a4 Rde8 27. Kf1 R8e6 28. Rxd4 Re2 29. d7 Rxf2+ 30. Kg1 Rxg2+ 31. Kxg2 Qg5+ 32. Qg3 Re2+ 33. Kf1 Qxg3 34. d8Q+ Bf8 35. Kxe2 Qg2+ 36. Kd3 Qf3+ 37. Kc2 Qf5+ 38. Kb3 Qxh3+ 39. Rd3 1-0

[Event "ITA-chT Final 56th"]
[Site "Darfo Boario Terme"]
[Date "2025.04.10"]
[Round "5.17"]
[White "Pegno, Mattia"]
[Black "Iturrizaga Bonelli, Eduardo"]
[Result "0-1"]
[WhiteElo "2262"]
[BlackElo "2585"]
[PlyCount "84"]
[EventDate "2025.04.07"]
[EventType "team-swiss"]
[EventRounds "9"]
[EventCountry "ITA"]
[SourceTitle "CB16_2025"]
[SourceDate "2025.04.16"]
[SourceVersion "1"]
[SourceVersionDate "2025.04.16"]
[SourceQuality "1"]
[WhiteTeam "Le Due Torri CSB"]
[BlackTeam "CPS Master"]
[WhiteTeamCountry "ITA"]
[BlackTeamCountry "ITA"]

1. d4 Nf6 2. c4 e6 3. Nf3 d5 4. Nc3 dxc4 5. e3 a6 6. a4 c5 7. Bxc4 Nc6 8. 0-0 Be7 9. Qe2 0-0 10. Rd1 Qc7 11. dxc5 Bxc5 12. b3 b6 13. Bb2 Bb7 14. Rac1 h6 15. h3 Qe7 16. Rd2 Na5 17. Ne5 Rac8 18. Rcd1 Bb4 19. Nd7 Nxd7 20. Rxd7 Qg5 21. f4 Qg3 22. Rxb7 Nxb7 23. Ne4 Qg6 24. Bd3 f5 25. Bxa6 fxe4 26. Bxb7 Rcd8 27. Bd4 Rf7 28. Ba6 Rfd7 29. Rc1 h5 30. Bb5 Rd6 31. Rc7 Rxd4 32. exd4 Qf5 33. Bc4 Rxd4 34. Rc6 Bd6 35. Qe3 Rd1+ 36. Kf2 Kh7 37. Ke2 Bxf4 38. Bxe6 Qe5 39. Qc3 Rd2+ 40. Ke1 Qg5 41. Bf5+ Qxf5 42. g3 Bg5 0-1

[Event "Palmanova op 13th"]
[Site "Palmanova"]
[Date "2025.01.03"]
[Round "8"]
[White "Pegno, Mattia"]
[Black "Hovhannisyan, Mher"]
[Result "0-1"]
[WhiteElo "2243"]
[BlackElo "2397"]
[PlyCount "108"]
[EventDate "2024.12.27"]
[EventType "swiss"]
[EventRounds "9"]
[EventCountry "ITA"]
[SourceTitle "CB02_2025"]
[SourceDate "2025.01.08"]
[SourceVersion "1"]
[SourceVersionDate "2025.01.08"]
[SourceQuality "1"]

1. d4 d5 2. c4 e6 3. Nf3 c5 4. cxd5 exd5 5. Bg5 f6 6. Bf4 Nc6 7. dxc5 Bxc5 8. e3 Nge7 9. Nc3 0-0 10. Bd3 Kh8 11. 0-0 Bg4 12. Rc1 d4 13. Nb5 Bb6 14. h3 Bxf3 15. Qxf3 dxe3 16. Rfd1 exf2+ 17. Kf1 Qd5 18. Qe2 Nf5 19. Bc4 Qc5 20. Bd3 Ne3+ 21. Bxe3 Qxe3 22. Qh5 Qh6 23. Qxh6 gxh6 24. Be4 Rae8 25. Nd6 Re7 26. Bxc6 bxc6 27. Nc4 Bc5 28. a3 a6 29. b4 Ba7 30. Na5 Rc8 31. Nxc6 Rec7 32. Rd6 Be3 33. Rc2 Kg7 34. a4 f5 35. g3 Re8 36. Re2 Re4 37. b5 axb5 38. axb5 Bc5 39. Rd1 Rxe2 40. Kxe2 Rb7 41. Rb1 Bb6 42. Rd1 Rc7 43. Ne5 Rc2+ 44. Kf1 Bc7 45. Nd3 Bxg3 46. Rb1 Rd2 47. Nb4 Bc7 48. Nc6 Bb6 49. Ne5 Rd4 50. Rc1 Rb4 51. Nd7 Be3 52. Rd1 Rxb5 53. Ke2 f4 54. Kf3 Rd5 0-1

[Event "Palmanova op 13th"]
[Site "Palmanova"]
[Date "2025.01.03"]
[Round "9"]
[White "Savanovic, Aleksandar"]
[Black "Pegno, Mattia"]
[Result "1/2-1/2"]
[WhiteElo "2354"]
[BlackElo "2243"]
[PlyCount "47"]
[EventDate "2024.12.27"]
[EventType "swiss"]
[EventRounds "9"]
[EventCountry "ITA"]
[SourceTitle "CB02_2025"]
[SourceDate "2025.01.08"]
[SourceVersion "1"]
[SourceVersionDate "2025.01.08"]
[SourceQuality "1"]

1. e4 c5 2. Nf3 e6 3. d4 cxd4 4. Nxd4 Nc6 5. Nc3 Qc7 6. Be2 a6 7. 0-0 Nf6 8. Be3 d6 9. f4 Bd7 10. a4 Be7 11. Kh1 0-0 12. Qe1 Nxd4 13. Bxd4 Bc6 14. Qg3 g6 15. f5 e5 16. Be3 Bxe4 17. Bh6 Bc6 18. Bxf8 Rxf8 19. Rae1 d5 20. Bf3 Bd6 21. Qh4 Be7 22. Qg3 Bd6 23. Qh4 Be7 24. Qg3 1/2-1/2

[Event "Palmanova op 13th"]
[Site "Palmanova"]
[Date "2024.12.31"]
[Round "6"]
[White "Pegno, Mattia"]
[Black "Kalosha, Zhiulien Oleksii"]
[Result "1/2-1/2"]
[WhiteElo "2243"]
[BlackElo "2306"]
[PlyCount "168"]
[EventDate "2024.12.27"]
[EventType "swiss"]
[EventRounds "9"]
[EventCountry "ITA"]
[SourceTitle "CB02_2025"]
[SourceDate "2025.01.08"]
[SourceVersion "1"]
[SourceVersionDate "2025.01.08"]
[SourceQuality "1"]

1. d4 d5 2. c4 e6 3. Nf3 c6 4. Qc2 Nf6 5. Bg5 h6 6. Bh4 dxc4 7. Qxc4 Be7 8. Nbd2 b6 9. Qc2 0-0 10. e3 Bb7 11. Be2 Nbd7 12. 0-0 Rc8 13. Rac1 c5 14. Qb1 Nd5 15. Bg3 cxd4 16. Nxd4 a6 17. e4 N5f6 18. Rxc8 Qxc8 19. Rc1 Qa8 20. f3 Nh5 21. Bf2 Nf4 22. Bf1 Rd8 23. Nc4 Ng6 24. Nb3 Qb8 25. Rd1 Ba8 26. Qc2 h5 27. Be3 h4 28. Qf2 b5 29. Nca5 Bd6 30. Kh1 Bxh2 31. Ba7 Qc7 32. Bb6 Nxb6 33. Rxd8+ Qxd8 34. Kxh2 Qc7+ 35. Kg1 Nd7 36. Qe1 Nde5 37. Qc3 Qxc3 38. bxc3 Nd7 39. c4 bxc4 40. Bxc4 Nb8 41. Nc5 Ne5 42. Bxa6 Kf8 43. Bb7 Bxb7 44. Naxb7 Ke7 45. a4 Ned7 46. Nd3 Na6 47. Kh2 g5 48. a5 Kf6 49. Kh3 Kg6 50. Nd8 Nac5 51. Nxc5 Nxc5 52. Nb7 Na6 53. e5 Kf5 54. Nd6+ Kxe5 55. Nxf7+ Kf4 56. Nd6 e5 57. Nc4 Nc5 58. Nb6 Kf5 59. Nd5 Na6 60. Nc3 Kf4 61. Nb5 Ke3 62. Nd6 Kf4 63. Nb5 Ke3 64. Nd6 Kf4 65. Nc4 Nc5 66. Nb2 Kf5 67. Nd1 Kf4 68. Nf2 Na6 69. Kh2 Nc7 70. Nd3+ Kf5 71. Nc5 g4 72. fxg4+ Kxg4 73. a6 e4 74. a7 e3 75. Nd3 e2 76. Ne1 Na8 77. Nc2 Nb6 78. Ne3+ Kg5 79. Nc2 Kg4 80. Ne1 Na8 81. Nf3 h3 82. Ne1 hxg2 83. Kxg2 Kf4 84. Kf2 Ke5 1/2-1/2

[Event "EU-ch 24th"]
[Site "Petrovac"]
[Date "2024.11.10"]
[Round "3"]
[White "Gharibyan, Mamikon"]
[Black "Pegno, Mattia"]
[Result "1-0"]
[WhiteElo "2462"]
[BlackElo "2245"]
[PlyCount "83"]
[EventDate "2024.11.08"]
[EventType "swiss"]
[EventRounds "11"]
[EventCountry "MNE"]
[SourceTitle "CB47_2024"]
[SourceDate "2024.11.20"]
[SourceVersion "1"]
[SourceVersionDate "2024.11.20"]
[SourceQuality "1"]

1. d4 d5 2. Nf3 Nf6 3. Bf4 c5 4. e3 Nc6 5. Nbd2 e6 6. c3 Bd6 7. Bg3 0-0 8. Bd3 Qe7 9. Ne5 Nd7 10. Nxd7 Bxd7 11. Bxd6 Qxd6 12. dxc5 Qe7 13. b4 e5 14. 0-0 Be6 15. Nb3 Rad8 16. Qc2 h5 17. Rad1 h4 18. f4 Bg4 19. Rde1 a6 20. h3 Bc8 21. a4 e4 22. Be2 Qf6 23. Nd4 Qg6 24. Kh1 Qg3 25. Bd1 Ne7 26. Qf2 Qxf2 27. Rxf2 g6 28. Bb3 Kg7 29. Rd1 Kf6 30. Kg1 Rh8 31. Rfd2 Bd7 32. Kf2 g5 33. fxg5+ Kxg5 34. Ne2 Be6 35. Nf4 Rd7 36. Bxd5 Rhd8 37. c4 Nc6 38. Ke2 Nxb4 39. Bxe6 Rxd2+ 40. Rxd2 Rxd2+ 41. Kxd2 fxe6 42. Nxe6+ 1-0

[Event "Spilimbergo op 22nd"]
[Site "Spilimbergo"]
[Date "2024.08.10"]
[Round "3"]
[White "Pegno, Mattia"]
[Black "Suleymanli, Suleyman"]
[Result "1-0"]
[WhiteElo "2150"]
[BlackElo "2290"]
[PlyCount "117"]
[EventDate "2024.08.09"]
[EventType "swiss"]
[EventRounds "9"]
[EventCountry "ITA"]
[SourceTitle "EXT 2025"]
[Source "ChessBase"]
[SourceDate "2024.10.14"]
[SourceVersion "1"]
[SourceVersionDate "2024.10.14"]
[SourceQuality "1"]

1. d4 Nf6 2. c4 e6 3. Nf3 b6 4. g3 Ba6 5. Qc2 Be7 6. Bg2 0-0 7. 0-0 Nc6 8. a3 Na5 9. Ne5 Bb7 10. Bxb7 Nxb7 11. Nc3 c5 12. dxc5 bxc5 13. Rd1 Qc7 14. Bf4 d6 15. Nd3 Rfd8 16. Rac1 a6 17. Na4 Rac8 18. b4 Nd7 19. Qb3 Qc6 20. Be3 Rb8 21. Qc2 Rdc8 22. f3 Bf6 23. Kg2 h6 24. Bf4 e5 25. Be3 e4 26. Nf4 exf3+ 27. exf3 cxb4 28. axb4 Ne5 29. Nd5 Nxc4 30. Ba7 Ra8 31. Nab6 Nxb6 32. Nxf6+ gxf6 33. Qxc6 Rxc6 34. Rxc6 Na4 35. Bd4 a5 36. bxa5 Rxa5 37. Ra1 Kg7 38. h4 h5 39. Rc2 Nbc5 40. Rca2 Rb5 41. Rxa4 Nxa4 42. Rxa4 Kg6 43. Ra6 Rd5 44. Be3 Kf5 45. Bf4 Ke6 46. Kf2 f5 47. Ke2 Ke7 48. Ra8 Kf6 49. Rh8 Kg7 50. Rd8 Ra5 51. Rxd6 f6 52. Be3 Ra2+ 53. Kf1 Ra1+ 54. Kg2 Ra2+ 55. Kh3 Ra3 56. Bd4 Rxf3 57. Rxf6 Kh7 58. Kg2 Rd3 59. Be5 1-0

[Event "ITA-ch sf 83rd"]
[Site "Parma"]
[Date "2024.07.26"]
[Round "7"]
[White "Pegno, Mattia"]
[Black "Maglioni, Leonardo"]
[Result "1-0"]
[WhiteElo "2146"]
[BlackElo "2077"]
[PlyCount "67"]
[EventDate "2024.07.21"]
[EventType "swiss"]
[EventRounds "9"]
[EventCountry "ITA"]
[SourceTitle "CBM 221 Extra"]
[Source "ChessBase"]
[SourceDate "2024.09.30"]
[SourceVersion "1"]
[SourceVersionDate "2024.09.30"]
[SourceQuality "1"]

1. d4 Nf6 2. Nf3 d5 3. c4 e6 4. Nc3 c6 5. Bg5 h6 6. Bh4 dxc4 7. e4 g5 8. Bg3 b5 9. e5 Nd5 10. Nd2 Qa5 11. Nde4 Bb4 12. Qc2 Nd7 13. Be2 Bb7 14. 0-0 Qb6 15. a4 a6 16. Rfd1 Ke7 17. b3 cxb3 18. Qxb3 Bxc3 19. Nxc3 Nxc3 20. Qxc3 b4 21. Qe3 a5 22. f4 Rhg8 23. Bc4 Rad8 24. f5 c5 25. dxc5 Qc6 26. f6+ Ke8 27. Bf1 Rc8 28. Rd6 Qxc5 29. Qxc5 Rxc5 30. Bb5 Rc7 31. Bf2 Bc8 32. Bb6 Rb7 33. Rc1 Rb8 34. Rxc8+ 1-0

[Event "ITA-ch sf 83rd"]
[Site "Parma"]
[Date "2024.07.24"]
[Round "5"]
[White "Pegno, Mattia"]
[Black "Boraso, Alessio"]
[Result "0-1"]
[WhiteElo "2146"]
[BlackElo "2275"]
[PlyCount "84"]
[EventDate "2024.07.21"]
[EventType "swiss"]
[EventRounds "9"]
[EventCountry "ITA"]
[SourceTitle "CBM 221 Extra"]
[Source "ChessBase"]
[SourceDate "2024.09.30"]
[SourceVersion "1"]
[SourceVersionDate "2024.09.30"]
[SourceQuality "1"]

1. d4 Nf6 2. c4 e6 3. Nc3 Bb4 4. Qc2 0-0 5. Nf3 d6 6. Bd2 Nbd7 7. a3 Bxc3 8. Bxc3 Re8 9. e4 e5 10. d5 Nc5 11. Nd2 Bd7 12. Be2 Na4 13. 0-0 h5 14. Ba5 b6 15. b3 Nc5 16. Bc3 Qe7 17. Bb2 Bg4 18. f3 Bc8 19. b4 Ncd7 20. g3 h4 21. g4 Nh7 22. Nb3 Ndf8 23. Bc1 Ng5 24. Kg2 Ng6 25. Be3 Qf6 26. Qd2 Nf4+ 27. Bxf4 exf4 28. Rac1 Bd7 29. c5 Qe5 30. cxd6 Bxg4 31. fxg4 Qxe4+ 32. Bf3 h3+ 33. Kg1 Nxf3+ 34. Rxf3 Qxf3 35. Nd4 Qxg4+ 36. Kh1 cxd6 37. Rg1 Qh5 38. Qxf4 Qxd5+ 39. Nf3 Re6 40. a4 Rae8 41. a5 Re3 42. Qf6 Qxf3+ 0-1

[Event "ITA-ch sf 83rd"]
[Site "Parma"]
[Date "2024.07.23"]
[Round "4"]
[White "Barp, Alberto"]
[Black "Pegno, Mattia"]
[Result "0-1"]
[WhiteElo "2463"]
[BlackElo "2146"]
[PlyCount "90"]
[EventDate "2024.07.21"]
[EventType "swiss"]
[EventRounds "9"]
[EventCountry "ITA"]
[SourceTitle "CBM 221 Extra"]
[Source "ChessBase"]
[SourceDate "2024.09.30"]
[SourceVersion "1"]
[SourceVersionDate "2024.09.30"]
[SourceQuality "1"]

1. d4 d5 2. Nf3 Nf6 3. c4 e6 4. g3 dxc4 5. Bg2 Nc6 6. Qa4 Bb4+ 7. Bd2 Nd5 8. Bxb4 Ndxb4 9. 0-0 Rb8 10. Nc3 a6 11. Ne5 0-0 12. Nxc6 Nxc6 13. Bxc6 bxc6 14. Qxc4 Qd6 15. b3 Rb4 16. Ne4 Qxd4 17. Qxd4 Rxd4 18. f3 f5 19. Nc5 e5 20. Kf2 Rf6 21. Rfd1 Rd5 22. Rac1 Rxd1 23. Rxd1 Rd6 24. Rd3 Kf7 25. Ke3 Ke7 26. Rc3 Rh6 27. Nd3 Kd6 28. h4 f4+ 29. Kf2 g5 30. g4 Rxh4 31. Nc5 Rh2+ 32. Ke1 h5 33. Ne4+ Ke7 34. gxh5 g4 35. Rc5 Rxh5 36. fxg4 Bxg4 37. Rxc6 Rh1+ 38. Kd2 Rh2 39. Nc3 f3 40. Rxc7+ Kf8 41. Rc6 Kf7 42. Rc7+ Ke8 43. Nd1 Rxe2+ 44. Kc3 Re1 45. Nf2 Rc1+ 0-1

[Event "ITA-ch U20 82nd"]
[Site "Brescia"]
[Date "2023.12.09"]
[Round "7"]
[White "Pegno, Mattia"]
[Black "Bettalli, Francesco"]
[Result "1-0"]
[WhiteElo "2143"]
[BlackElo "2260"]
[PlyCount "101"]
[EventDate "2023.12.03"]
[EventType "tourn"]
[EventRounds "7"]
[EventCountry "ITA"]
[SourceTitle "CBM 217 Extra"]
[Source "ChessBase"]
[SourceDate "2024.01.31"]
[SourceVersion "1"]
[SourceVersionDate "2024.01.31"]
[SourceQuality "1"]

1. c4 g6 2. Nc3 Bg7 3. d4 Nf6 4. e4 d6 5. Bd3 0-0 6. Nge2 c6 7. 0-0 a6 8. f3 b5 9. Be3 Nbd7 10. Qd2 Bb7 11. Rfd1 e5 12. Rac1 Qe7 13. d5 b4 14. Na4 c5 15. g4 Ne8 16. Ng3 Kh8 17. Kg2 Bf6 18. g5 Bg7 19. h4 f6 20. Rh1 Qf7 21. Qe2 Rg8 22. Rh2 Bf8 23. Rch1 h5 24. gxh6 f5 25. exf5 gxf5 26. Bg5 Be7 27. h7 Rg7 28. Nxf5 Bxg5 29. Nxg7 Bf4 30. Ne6 Nef6 31. Kf1 Bxh2 32. Rxh2 Nh5 33. Rg2 Nf4 34. Nxf4 exf4 35. Bg6 Qf6 36. Rg5 Ne5 37. Qe4 Bc8 38. Kg1 Bh3 39. b3 Nf7 40. Bxf7 Qxf7 41. Kh2 Bd7 42. Nb6 Re8 43. Rg8+ Rxg8 44. hxg8Q+ Qxg8 45. Qxf4 Be8 46. Qh6+ Qh7 47. Qxh7+ Kxh7 48. Nc8 Bg6 49. Nxd6 Bb1 50. Nb7 Bxa2 51. d6 1-0

[Event "ITA-ch U20 82nd"]
[Site "Brescia"]
[Date "2023.12.04"]
[Round "2"]
[White "Pegno, Mattia"]
[Black "Cappelletto, Joshuaede"]
[Result "1/2-1/2"]
[WhiteElo "2143"]
[BlackElo "2322"]
[PlyCount "50"]
[EventDate "2023.12.03"]
[EventType "tourn"]
[EventRounds "7"]
[EventCountry "ITA"]
[SourceTitle "CBM 217 Extra"]
[Source "ChessBase"]
[SourceDate "2024.01.31"]
[SourceVersion "1"]
[SourceVersionDate "2024.01.31"]
[SourceQuality "1"]

1. c4 c5 2. Nc3 Nc6 3. Nf3 g6 4. e3 Nf6 5. d4 cxd4 6. exd4 d5 7. cxd5 Nxd5 8. Qb3 Nxc3 9. Bc4 Nd5 10. Bxd5 e6 11. Bxc6+ bxc6 12. 0-0 Qd5 13. Bf4 f6 14. Rac1 g5 15. Bg3 Be7 16. Nd2 Kf7 17. Qxd5 cxd5 18. Rc7 Rd8 19. Rfc1 Ke8 20. Nb3 Bd7 21. Na5 Rdc8 22. Nb7 Rxc7 23. Rxc7 Rc8 24. Nd6+ Bxd6 25. Rxc8+ Bxc8 1/2-1/2

[Event "Wch U18"]
[Site "Montesilvano"]
[Date "2023.11.21"]
[Round "8"]
[White "Pegno, Mattia"]
[Black "Davtyan, Arsen"]
[Result "0-1"]
[WhiteElo "2155"]
[BlackElo "2406"]
[PlyCount "226"]
[EventDate "2023.11.13"]
[EventType "swiss"]
[EventRounds "11"]
[EventCountry "ITA"]
[SourceTitle "EXT 2025"]
[Source "ChessBase"]
[SourceDate "2024.10.14"]
[SourceVersion "1"]
[SourceVersionDate "2024.10.14"]
[SourceQuality "1"]

1. d4 Nf6 2. c4 g6 3. Nc3 Bg7 4. e4 d6 5. Bd3 0-0 6. Nge2 Nc6 7. 0-0 Nd7 8. Be3 e5 9. d5 Nd4 10. b4 c5 11. Rb1 b6 12. Qd2 f5 13. Bg5 Nf6 14. Be3 Nd7 15. Bg5 Nf6 16. Be3 Nd7 17. Bg5 Nf6 18. bxc5 bxc5 19. f3 f4 20. Nxd4 cxd4 21. Na4 Bd7 22. Bc2 Bc8 23. Bd3 Bd7 24. Bc2 Bc8 25. Bd3 Bd7 26. Bc2 Bc8 27. Bd3 Bd7 28. Bc2 Rc8 29. Qb4 Ra8 30. Qd2 Rc8 31. Qb4 Qc7 32. Qd2 Qd8 33. Qb4 Qc7 34. Qd2 Qd8 35. Qb4 Qc7 36. Qd2 Qd8 37. Qb4 Qc7 38. Qd2 Qd8 39. Qb4 Qc7 40. Qd2 Qd8 41. Qb4 Qc7 42. Qb7 Qd8 43. Qb4 Qc7 44. Qb7 Qd8 45. Qb4 Qc7 46. Qb7 Qd8 47. Qb4 Qc7 48. Qb7 Qd8 49. Qb4 Qc7 50. Qb7 Qd8 51. Qb4 Qc7 52. Qb7 Qxc4 53. Bxf6 Rc7 54. Bxg7 Kxg7 55. Bd3 Rxb7 56. Bxc4 Rxb1 57. Rxb1 Bxa4 58. Rb4 Bc2 59. Kf2 Rf7 60. Ke1 Rc7 61. Kf2 Rf7 62. Ke1 Rc7 63. Ba6 Rf7 64. Bc4 Rc7 65. Ba6 Rf7 66. Bc4 Rc7 67. Ba6 Rf7 68. Bc4 Rc7 69. Ba6 Rc3 70. Kd2 Ra3 71. Ke1 Rc3 72. Kd2 Ra3 73. Bc4 Ra4 74. Ba6 Ra3 75. Bc4 Ra4 76. Rb7+ Kh6 77. Rc7 Bb1 78. Bb3 Ra3 79. Rc6 Bxa2 80. Bc2 Bb1 81. Bb3 Ba2 82. Bc2 Bb1 83. Bb3 Ba2 84. Bc2 Bb1 85. Bb3 Ba2 86. Bc2 a6 87. Rxd6 Bc4 88. Rc6 Bb5 89. Rc7 Ra2 90. d6 d3 91. d7 Bxd7 92. Kxd3 Bb5+ 93. Kd2 Bd7 94. Kd3 Bb5+ 95. Kc3 Ra1 96. Rc5 Rc1 97. Rc7 Ra1 98. Rc5 Rc1 99. Kd2 Rg1 100. Bd1 Rxg2+ 101. Ke1 Rxh2 102. Rxe5 Kg7 103. Rc5 h5 104. e5 h4 105. Rc7+ Kh6 106. Rc5 Kg7 107. Rc7+ Kh6 108. Rc5 Kg7 109. Rc7+ Kh6 110. Rc8 h3 111. e6 Kg7 112. e7 Rh1+ 113. Kd2 Rxd1+ 0-1

[Event "Wch U18"]
[Site "Montesilvano"]
[Date "2023.11.13"]
[Round "1"]
[White "Pegno, Mattia"]
[Black "Kostolansky, Sebastian Lukas"]
[Result "0-1"]
[WhiteElo "2155"]
[BlackElo "2427"]
[PlyCount "100"]
[EventDate "2023.11.13"]
[EventType "swiss"]
[EventRounds "11"]
[EventCountry "ITA"]
[SourceTitle "EXT 2025"]
[Source "ChessBase"]
[SourceDate "2024.10.14"]
[SourceVersion "1"]
[SourceVersionDate "2024.10.14"]
[SourceQuality "1"]

1. d4 Nf6 2. c4 e6 3. Nc3 Bb4 4. Qc2 d5 5. a3 Bxc3+ 6. Qxc3 0-0 7. Bg5 c5 8. dxc5 d4 9. Qd2 h6 10. Bh4 e5 11. Nf3 Nbd7 12. e3 Nxc5 13. Rd1 Bf5 14. Nxe5 Nb3 15. Qb4 Bc2 16. Bd3 Bxd1 17. Kxd1 Re8 18. Ng4 Nd5 19. Bxd8 Nxb4 20. axb4 Raxd8 21. e4 h5 22. Kc2 hxg4 23. Kxb3 b6 24. Ra1 Re7 25. c5 Rc7 26. Kc4 a5 27. Kb5 bxc5 28. bxc5 Rdc8 29. Rc1 Rb8+ 30. Kc4 Rxc5+ 31. Kxc5 Rc8+ 32. Kxd4 Rxc1 33. Ke3 Rg1 34. g3 Rh1 35. b3 Rxh2 36. Be2 Rh1 37. Kd2 Rb1 38. Kc2 Ra1 39. Bxg4 Ra2+ 40. Kc3 Rxf2 41. Bd1 Kf8 42. Kc4 Ke7 43. Kb5 Rd2 44. Bg4 Rd3 45. Ka4 Rxg3 46. Bc8 g5 47. Bb7 g4 48. Bd5 Rd3 49. Bc4 Rd4 50. Kxa5 Rxc4 0-1

[Event "ITA-ch sf 82nd"]
[Site "Villesse"]
[Date "2023.07.15"]
[Round "1"]
[White "Pegno, Mattia"]
[Black "Sala, Giulia"]
[Result "1/2-1/2"]
[WhiteElo "2241"]
[BlackElo "2032"]
[PlyCount "150"]
[EventDate "2023.07.15"]
[EventType "swiss"]
[EventRounds "9"]
[EventCountry "ITA"]
[SourceTitle "CBM 215 Extra"]
[Source "ChessBase"]
[SourceDate "2023.09.30"]
[SourceVersion "1"]
[SourceVersionDate "2023.09.30"]
[SourceQuality "1"]

1. d4 Nf6 2. Nf3 g6 3. Nc3 d5 4. Bf4 c6 5. e3 Bg7 6. Be2 Nbd7 7. Ne5 0-0 8. h4 h5 9. Qd2 Nxe5 10. Bxe5 Ne4 11. Nxe4 dxe4 12. Bxg7 Kxg7 13. 0-0-0 Qd5 14. c4 Qf5 15. f3 exf3 16. gxf3 e5 17. e4 Qf6 18. dxe5 Qxe5 19. Rhg1 Be6 20. Rg5 Qh2 21. Rdg1 Qxh4 22. f4 Bg4 23. Bxg4 hxg4 24. Qc3+ Kg8 25. R5xg4 Qh8 26. e5 Rfe8 27. Qc2 Kf8 28. Kb1 Rad8 29. f5 Qxe5 30. fxg6 f5 31. Rg5 Qe1+ 32. Qc1 Qxc1+ 33. Kxc1 Kg7 34. Rxf5 Rf8 35. Rh5 Rh8 36. Rf5 Rhf8 37. Re5 Rde8 38. Rh5 Rh8 39. Rxh8 Rxh8 40. Kc2 Rh3 41. Rg2 Rf3 42. b4 Rf6 43. Kb3 Rxg6 44. Rh2 Kf7 45. c5 Rg3+ 46. Kb2 Rg7 47. Re2 Rg3 48. a3 Rg6 49. Re3 Re6 50. Rh3 Re7 51. Kb3 Ke8 52. Ka4 Kd7 53. Ka5 Kc7 54. Rh8 a6 55. Rh4 Rf7 56. Rh3 Re7 57. Ka4 Rg7 58. Kb3 Kb8 59. Kc4 Rg4+ 60. Kd3 Ka7 61. Re3 Rh4 62. Kc3 Rg4 63. a4 Rh4 64. Rd3 Rg4 65. Rd4 Rg3+ 66. Kc4 Ra3 67. a5 Rh3 68. Re4 Rg3 69. Kd4 Rg5 70. Ke3 Rh5 71. Kf4 Rh1 72. Ke5 Rh5+ 73. Kd6 Rh6+ 74. Kd7 Rh7+ 75. Kd6 Rh6+ 1/2-1/2

[Event "ITA-ch U18"]
[Site "Tarvisio"]
[Date "2023.07.04"]
[Round "3"]
[White "Pegno, Mattia"]
[Black "Guccione, Matteo Francesco"]
[Result "1-0"]
[WhiteElo "2241"]
[BlackElo "1852"]
[PlyCount "107"]
[EventDate "2023.07.02"]
[EventType "swiss"]
[EventRounds "9"]
[EventCountry "ITA"]
[SourceTitle "EXT 2024"]
[Source "ChessBase"]
[SourceDate "2023.10.10"]
[SourceVersion "1"]
[SourceVersionDate "2023.10.10"]
[SourceQuality "1"]

1. d4 d5 2. c4 c6 3. Nf3 Nf6 4. Nc3 e6 5. Bg5 dxc4 6. e4 b5 7. e5 h6 8. Bh4 g5 9. Nxg5 hxg5 10. Bxg5 Be7 11. exf6 Bxf6 12. Bxf6 Qxf6 13. g3 Na6 14. Bg2 Bb7 15. Nxb5 0-0-0 16. Na3 Rxd4 17. Qe2 Nc5 18. 0-0 Nd3 19. Nxc4 Qh6 20. h4 Rxh4 21. gxh4 Nf4 22. Nd6+ Kb8 23. Qe5 f6 24. Nf7+ fxe5 25. Nxh6 Rxh6 26. Bf3 Rxh4 27. Rfe1 Ng6 28. Rad1 Kc7 29. Re4 Rh8 30. Ra4 Rg8 31. Kf1 a6 32. Rg4 a5 33. Be4 Ne7 34. Rxg8 Nxg8 35. Ke2 Nf6 36. f3 Nd5 37. Rh1 Ba6+ 38. Kd2 Bb5 39. Rh7+ Kd6 40. Ra7 a4 41. a3 Kc5 42. Bd3 Kd4 43. Bxb5 cxb5 44. Ra6 Nf4 45. Rc6 Kd5 46. Rc3 Kd4 47. Re3 Ng6 48. Re4+ Kd5 49. Kc3 Kc5 50. Re1 Kc6 51. Kb4 Kb6 52. Rd1 Nf4 53. Rd6+ Kc7 54. Kc5 1-0

[Event "Wch U16"]
[Site "Mamaia"]
[Date "2022.09.10"]
[Round "5"]
[White "Pegno, Mattia"]
[Black "Koutlas, Nikolaos"]
[Result "1/2-1/2"]
[WhiteElo "2173"]
[BlackElo "2316"]
[PlyCount "45"]
[EventDate "2022.09.06"]
[EventType "swiss"]
[EventRounds "11"]
[EventCountry "ROU"]
[SourceTitle "CBM 210 Extra"]
[Source "ChessBase"]
[SourceDate "2022.11.30"]
[SourceVersion "1"]
[SourceVersionDate "2022.11.30"]
[SourceQuality "1"]

1. d4 d5 2. Nf3 Nf6 3. c4 e6 4. Nc3 c6 5. Bg5 dxc4 6. e4 b5 7. e5 h6 8. Bh4 g5 9. Nxg5 hxg5 10. Bxg5 Be7 11. exf6 Bxf6 12. Bxf6 Qxf6 13. g3 Na6 14. Bg2 Bb7 15. Nxb5 0-0-0 16. Qa4 cxb5 17. Bxb7+ Kxb7 18. Qxb5+ Ka8 19. Qc6+ Kb8 20. Qb5+ Ka8 21. Qc6+ Kb8 22. Qb5+ Ka8 23. Qc6+ 1/2-1/2

[Event "ITA-ch sf 81st"]
[Site "Acqui Terme"]
[Date "2022.06.19"]
[Round "9"]
[White "Miotto, Alberto"]
[Black "Pegno, Mattia"]
[Result "1/2-1/2"]
[WhiteElo "2039"]
[BlackElo "2065"]
[PlyCount "116"]
[EventDate "2022.06.12"]
[EventType "swiss"]
[EventRounds "9"]
[EventCountry "ITA"]
[SourceTitle "CBM 208 Extra"]
[Source "ChessBase"]
[SourceDate "2022.07.31"]
[SourceVersion "1"]
[SourceVersionDate "2022.07.31"]
[SourceQuality "1"]

1. e4 c5 2. Nf3 Nc6 3. Bb5 g6 4. 0-0 Bg7 5. Re1 Nf6 6. Bxc6 dxc6 7. d3 Bg4 8. Nbd2 Nd7 9. h3 Bxf3 10. Nxf3 e5 11. Be3 b6 12. a3 a5 13. Qd2 a4 14. b4 cxb4 15. Qxb4 Qe7 16. Qc3 Qd6 17. d4 0-0 18. Rad1 Qc7 19. d5 c5 20. Qc4 Rfb8 21. Rb1 Nf6 22. Nd2 Ne8 23. Qd3 Qd7 24. Qb5 Qc7 25. Nc4 Nd6 26. Nxd6 Qxd6 27. Rb2 f5 28. f3 Ra5 29. Qc6 Bf8 30. Reb1 Ra6 31. Kf1 Kf7 32. Rb5 Qxc6 33. dxc6 Bd6 34. Bxc5 Bxc5 35. Rxc5 bxc5 36. Rxb8 Rxc6 37. Rb7+ Kf6 38. exf5 Kxf5 39. Rxh7 Rb6 40. Rc7 Rb1+ 41. Kf2 Ra1 42. Rc6 Ra2 43. g4+ Kf4 44. Rxc5 Rxa3 45. Rc4+ Kg5 46. Kg3 Ra1 47. Rc6 Rg1+ 48. Kf2 Rc1 49. Kg3 Rg1+ 50. Kf2 Rc1 51. Ke3 a3 52. Ra6 Rxc2 53. Rxa3 Rh2 54. Ra6 Rxh3 55. Re6 Rh1 56. Rxe5+ Kf6 57. Kf4 Ra1 58. g5+ Kf7 1/2-1/2